00000000nas 2200000za 4500
0019.510802
003CaOODSP
00520210305151629
007ta
008150406c2002||||xxc|| m #||||f|   |0eng|d
040 |aCaOODSP|beng
041 |aeng
041 |afre
043 |an-cn---
0861 |aXC67-372/1-1-0
1101 |aCanada. |bParliament. |bHouse of Commons. |bStanding Committee on Human Resources Development and the Status of Persons with Disabilities.
24510|aReport of the Standing Committee on Human Resources Development and the Status of Persons with Disabilities / |cChair: Judi Longfield.
260 |aOttawa - Ontario : |bHouse of Commons.
310 |aIrregular
3621 |a2nd session, 37th Parliament
563 |aSoftcover
792 |tRapport du Comité permanent du développement des ressources humaines et de la condition des personnes handicapées / |efre|w(CaOODSP)9.510803